Harmonica : (Record no. 110090)
[ view plain ]
| 000 -LEADER | |
|---|---|
| fixed length control field | 00316nam a2200109 a 4500 |
| 001 - CONTROL NUMBER | |
| control field | 4144 |
| 005 - DATE AND TIME OF LATEST TRANSACTION | |
| control field | 20140414131849.0 |
| 008 - FIXED-LENGTH DATA ELEMENTS--GENERAL INFORMATION | |
| fixed length control field | 090317s19uu xx 00 eng d |
| 050 ## - LIBRARY OF CONGRESS CALL NUMBER | |
| Classification number | M 515.53 |
| Item number | H22 2001 |
| 245 ## - TITLE STATEMENT | |
| Title | Harmonica : |
| Remainder of title | learn to play the harmonica using this easy to follow step by step guide. |
| Withdrawn status | Lost status | Damaged status | Home library | Current library | Shelving location | Date acquired | Total Checkouts | Full call number | Barcode | Date last seen | Price effective from | Koha item type |
|---|---|---|---|---|---|---|---|---|---|---|---|---|
| Munich Library | Munich Library | Main Section | 03/17/2009 | M 515.53 H22 2001 | M0375 | 04/14/2014 | 04/14/2014 | Books |